The Doomed Voyage of Russia's 2nd Pacific Squadron - Statistics

General Stats
  • This quiz has been taken 368 times
  • The average score is 16 of 31
Answer Stats
Hint Answer % Correct
This war that was fought during 1904 and 1905 caught Russia off guard, given that all of their navy was in the wrong ocean during the beginning. Russo-Japanese War
95%
Fortunately, Russia still had two fleets, each occupying a certain sea. Name either sea. Baltic or Black
91%
Although it was a warm water port, their Pacific harbor at Port Arthur was very poor, strategy wise. Thus the czar sent Admiral Makerov, their best Admiral at the time, to help deal with this situation. Who was this czar? Czar Nicholas II
89%
With Makerov dead, two Russian squadrons were stuck in Port Arthur and this Russian port city. Vladivostok
77%
Upon sailing to the Strait of Tsushima, the battle of Tsushima began when enemy vessels were spotted behind the Second Pacific Squadron. Which side won this battle? The Japanese
74%
After the Third Russian Pacific Squadron, dubbed "an archaeological exhibit of naval architecture" by Rozhestvensky met up with the others, Rozhestvensky sent a letter of resignation to Russia. Did the Czar accept it? Of course not.
73%
This German leader was very impressed with Rozhestvensky during his visit to Russia. Kaiser Wilhelm II
70%
Whilst waiting for the cruiser, a destroyer accidentally rammed one of the battleships and had to return to port for repairs. After these issues were resolved, the fleet approached the Öresund Strait, where they had troubles with this country. Denmark
67%
The refrigerated supply ship's cooling plant broke. The tons of rotting meat were thrown overboard. What sea life did this attract? Sharks
64%
The Czar was quick to apologize, but the British people were demanding war with Russia because they believed the attack was no accident. Seeing how terrible the Russian fleet was at fighting, British Admiral Beresford suggested a chivilrous naval battle, planning to take on the enire fleet with only this many battleships to keep things fair. How many? Four
63%
The fleet was running low on coal, and needed to meet up with a German coal supply ship on the coast of West Africa. The ships were ordered to take on double loads of coal, even though there wasn't enough space in the bunkers. This resulted in the ships being covered in a fine layer of coal dust. What does this make the fleet vulnerable to? Combustion of any kind
62%
The Fleet had lost contact with the Kamchatka for some days, hoping they would never have to see the abomination again. Unfortunately, it returned, reporting that it had fired over 300 rounds at what it thought were Japanese ships. Name one of the many countries that the Kamchatka had accidentally threatened with war. Sweden, Germany, and France.
60%
Captain Klado sent messages to Rozhestvensky, saying that a fleet of reinforcements were coming to meet them. Knowing that these ships were all piles of junk, Rozhestvensky decided to keep his location a secret from the fleet, hoping to never meet up with them. What was the city in South Africa that they ported in before going off the radar for some time? Cape Town
59%
To calm the paranoid soldiers, Rozhestvensky told them that no foreign vessel would be allowed near the fleet. Just afterwards, a messenger ship from the Czar went in. The fleet opened fire. Eventually, the messenger was let on board and Rozhestvensky learned that he was promoted to vide admiral. Luckily, the fleet was awful at combat. How was the ship damaged? Not even a scratch.
58%
To lift morale, the crews adopted exotic pets on their way up the Eastern coast of Africa. Name one type of pet they adopted. Crocodile, Poisonous Snake, Parrot, Lemur, and Chameleon
54%
Rozhestvensky became incredibly ill and his second-in-command suffered a brain hemorrhage, resulting in no command for the ships, so they stayed at Madagascar. Name any of the resulting diseases that ran rampant among the ships. Malaria, Dysentery, Typhoid, Chlamydia, Gonorrhea, and Scabies.
53%
The icebreaker assigned to the fleet was incredibly poorly managed. After multiple attempts at signaling the ship to stop, Rozhestvensky fired multiple rounds at it. Where did he send it afterwards? Home (Back to Russia)
52%
As Rozhestvensky recovered, he saw a fleet of diseased, insane, and politically and religiously zealous soldiers. He significantly lowered his manpower by purging the worst offenders and sending them back home. Many shipmates found that Madagascar had a sprawling drug industry. One crew member bought two thousand cigarettes containing what depressant drug? Opium
48%
Rozhestvensky attempted a new method of discipline to try and put his ships in order. He would have the offending ship sail directly behind his, and he would berate the captain in front of his crew using this voice-amplifying tool. Megaphone
47%
The notorious Kamchatka sent out distress signals that it was surrounded by enemy torpedo boats from all directions. How many boats did it claim were there? Eight
46%
Russia had no resupply bases, and neutral countries were not allowed to give supplies to belligerents according to the rules of war. That left 18,000 miles in between the source and destination. Russian ships were not prepared for travelling this far or for travelling in warm waters at all. What did Russia do to prepare? Nothing
44%
Makerov helped the war turn around for a brief period, until he and everyone on his ship were killed. How was he killed? Mine (decapitated by shrapnel)
37%
Most of the crews on the ships were very uneducated, and many had never seen the sea. Rozhestvensky described his superiors as sacks of manure upon seeing them. After a few months of inadequate training, the fleet set sail. Unfortunately, the flagship ran aground and an escorting cruiser lost this important item. Anchor and Chain
35%
There is a certain disease common among coal miners. Due to the West Aftrican humidity and the coal dust in the air, many of the shipmen suffered from this disease too. What is it? The Black Lung
35%
Of course, there were no enemies. Unfortunately, a fleet of British fishing boats were encountered, and believing they were more enemies, the Russians opened fire. One battleship prepared to sink while others were claiming to be shot. The Russians did not manage to hit any of the British vessels, but they did hit something. What did they hit? Their own destroyer, the Aurora.
34%
The fleet had a variety of ships unfit for war. Plenty of them were too heavy, causing the waterline to sit dangerously close to the secondary and tertiary batteries. One ship sank while in harbor because a worker left the hull open. Many vessels were refitted aristocratic ships known better by what name? Yachts
31%
The fleet's ammunition supplies were low due to all the false alarms. A resupply ship came with crates of ammunition, except upon opening the crates, the crews discovered twelve thousand of what items of clothing? Coats or Pairs of boots
30%
The Kamchatka fired a salute during a funeral and accidentally used a live round. Which ship, which was previously hit, received this blow? The Aurora
28%
Zinovy Rozhestvensky was assigned to lead the Baltic Fleet to the Pacific. He was known for his furious temper, although he was not corrupt and incredibly fair to his men. Rozhestvensky was known for throwing this object overboard when angry, so his crewmates brought a whole crate of extras onboard. What was this object? Spyglasses
25%
Sailors began to yell that they were doomed because they believed they saw the enemy's torpedo boats at the strait. Despite this being impossible given the incredible distance, the sailors panicked. The fleet damaged these colliers through multiple collisions. Why were the colliers there? To supply the ships
13%
The slower vessels planned on moving through the Suez, while the faster ones planned on moving around Africa. Eventually, a peace with Britain was attained, but Rozhestvensky was required to beach the officers responsible for the attack. Taking this opportunity, Rozhestvensky beached Captain Klado. What did Klado do? Insulted Rozhestvensky
4%
No matching quizzes found
Score Distribution
Percent of People with Each Score
Percentile by Number Answered
Your Score History
You have not taken this quiz